| 000 | 00445nam a2200181Ia 4500 | ||
|---|---|---|---|
| 001 | 4125 | ||
| 005 | 20260306145732.0 | ||
| 008 | 260306t2006||||xx |||||||||||||| ||spa|| | ||
| 041 | _aESP | ||
| 082 |
_a306.85 _bP19D |
||
| 100 |
_aJáudenes, Marianela _eAUT |
||
| 245 | 0 | _aCómo usar las nuevas tecnologías en la familia | |
| 260 | _c2006 | ||
| 300 |
_a154 páginas : _c19 cm. |
||
| 650 | _aGEN | ||
| 654 | _aCED | ||
| 942 |
_cLIB _dJUS _fJUS _2ddc _n |
||
| 999 |
_c4125 _d4125 |
||